| 000 | 01474nam a2200349 a 4500 | ||
|---|---|---|---|
| 001 | ebr10052876 | ||
| 003 | CaPaEBR | ||
| 006 | m u | ||
| 007 | cr cn||||||||| | ||
| 008 | 031229s2004 ne a sb 001 0 eng | ||
| 010 | _z 2003070868 | ||
| 020 | _z902721705X (Europe : hb : alk. paper) | ||
| 020 | _z9027217068 (Europe : pb : alk. paper) | ||
| 020 | _z1588114813 (U.S. : hb : alk. paper) | ||
| 020 | _z1588114821 (U.S. : pb : alk. paper) | ||
| 040 |
_aCaPaEBR _cCaPaEBR |
||
| 035 | _a(OCoLC)70771474 | ||
| 050 | 1 | 4 |
_aP118.2 _b.J67 2004eb |
| 082 | 0 | 4 |
_a418 _222 |
| 100 | 1 | _aJordan, Geoff. | |
| 245 | 1 | 0 |
_aTheory construction in second language acquisition _h[electronic resource] / _cGeoff Jordan. |
| 260 |
_aAmsterdam ; _aPhiladelphia : _bJ. Benjamins Pub., _cc2004. |
||
| 300 |
_axviii, 294 p. : _bill. |
||
| 490 | 1 |
_aLanguage learning and language teaching, _x1569-9471 ; _vv. 8 |
|
| 504 | _aIncludes bibliographical references (p. [267]-285) and indexes. | ||
| 533 |
_aElectronic reproduction. _bPalo Alto, Calif. : _cebrary, _d2013. _nAvailable via World Wide Web. _nAccess may be limited to ebrary affiliated libraries. |
||
| 650 | 0 |
_aSecond language acquisition _xPhilosophy. |
|
| 655 | 7 |
_aElectronic books. _2local |
|
| 710 | 2 | _aebrary, Inc. | |
| 830 | 0 |
_aLanguage learning and language teaching ; _vv. 8. |
|
| 856 | 4 | 0 |
_uhttp://site.ebrary.com/lib/rucke/Doc?id=10052876 _zAn electronic book accessible through the World Wide Web; click to view |
| 999 |
_c65084 _d65084 |
||